000 00471nam a2200145Ia 4500
008 100204s9999 xx 000 0 und d
082 _b8026
100 _aसुर्वे नारायण
245 _aसर्व सुर्वे
260 _b"डिंंंंप्ंाल पब्लिकेशन, वसई"
_c1985
300 _a624
630 _aसर्व सुर्वे
730 _aसर्व सुर्वे
942 _cBOOK
999 _c452462
_d452459